Statistics for Taylor Swift - All You Had to Do Was Stay Lyrics

Click here to take the quiz!

General Stats

  • This quiz has been taken 143 times
  • The average score is 416 of 437

Answer Stats

Answer% Correct
all
100%
All
100%
do
100%
had
100%
Had
100%
I
100%
me
100%
stay
100%
Stay
100%
to
100%
was
100%
You
100%
you
100%
And
99%
and
99%
in?
99%
in
99%
of
99%
the
99%
The
99%
hand
98%
your
98%
out
97%
when
97%
go
96%
it
96%
now
96%
Now
96%
palm
96%
back
94%
have
94%
want
94%
is
93%
it's
93%
lock
93%
Let
92%
let
92%
say
92%
that
92%
too
92%
Hey
91%
late
91%
then
91%
been
90%
just
90%
what
90%
why'd
90%
always
89%
But
89%
could've
89%
easy
89%
love
89%
Oh
89%
oh
89%
know
88%
like
88%
not
88%
Not
88%
they
88%
this
88%
away
87%
off
87%
People
87%
people
87%
were
87%
gave
86%
more
86%
us
86%
wanted
86%
believe
84%
changed
84%
less
84%
pushed
84%
road
84%
about
83%
are
83%
you've
83%
drove
82%
think
82%
wanna
82%
aside
81%
don't
81%
up
81%
gone
80%
goodbye
80%
forever
79%
I've
78%
remind
78%
made
77%
mess
77%
picking
76%
pieces
76%
Well
73%
well
73%
calling
72%
Here
72%
ended
68%

Score Distribution

Percentile by Number Answered

Percent of People with Each Score

Your Score History

You have not taken this quiz